Majority Christian Countries - Statistics

General Stats
  • This quiz has been taken 92 times
  • The average score is 82 of 117
Answers on the Map
Answers color-coded by a green-red scale on the quiz's map according to % correct below.
 
Answer Stats
Answer % % Correct
Spain 59.2
100%
Canada 53.3
97%
Mexico 89.1
97%
United States 73
97%
Brazil 83.7
96%
France 60.6
96%
Italy 83
96%
Argentina 77
94%
Chile 73.2
94%
Peru 94.5
94%
Russia 69.9
94%
Portugal 84.8
93%
Bolivia 89
91%
Columbia 92
91%
Ecuador 94
91%
Ireland 81
91%
Paraguay 96
91%
Uruguay 58.1
91%
Cuba 65
90%
Dominican Republic 83
90%
Panama 92
90%
Ukraine 81.9
90%
Venezuela 88
90%
Norway 76.7
88%
Poland 91.2
88%
Sweden 64.3
88%
Finland 64.2
87%
Guyana 63.9
87%
Haiti 96
87%
Suriname 51.6
87%
Belarus 55.4
85%
Costa Rica 82
85%
Honduras 88
85%
Nicaragua 84.6
85%
Romania 98.5
85%
South Africa 85.3
85%
D.R. Congo 95
84%
Jamaica 70.5
84%
Austria 62
82%
Greece 93
82%
Latvia 80
82%
Bahamas 95
81%
El Salvador 81.9
81%
Serbia 86.68
81%
Switzerland 69.1
81%
Denmark 76.9
79%
Lithuania 92.2
79%
Republic of the Congo 90.7
79%
Belize 62.2
78%
Slovenia 68
78%
Bulgaria 81.6
76%
Hungary 52.87
76%
Slovakia 68.8
76%
Vatican City 100
76%
Croatia 89.6
75%
Dominica 85
75%
Guatemala 87
75%
Iceland 68.3
75%
Kenya 78.7
75%
Moldova 99.6
75%
Angola 79.1
73%
Namibia 90
72%
Ethiopia 75
70%
Tanzania 61.4
70%
Zambia 98
70%
North Macedonia 64.6
69%
Zimbabwe 85.2
69%
Botswana 71.6
67%
Malta 88.5
67%
San Marino 91.6
67%
St. Kitts and Nevis 83.2
67%
Uganda 84.5
67%
Lesotho 90
66%
St. Lucia 80.7
66%
St. Vincent and the Grenadines 86.4
66%
Madagascar 85
64%
Malawi 77.3
64%
Barbados 74
63%
Cameroon 73
63%
Andorra 89.5
61%
Luxembourg 72.4
61%
Rwanda 92.2
61%
Eswatini 91.3
60%
Montenegro 76.5
60%
Burundi 75
58%
Equatorial Guinea 88.7
58%
Liechtenstein 82.4
58%
Monaco 82.6
58%
Philippines 85.3
58%
Trinidad and Tobago 63.2
58%
Central African Republic 80
57%
Gabon 88
57%
South Sudan 60.5
57%
Grenada 90.1
55%
Georgia 88.3
52%
Antigua and Barbuda 87.6
49%
Cyprus 94
49%
Armenia 98.6
48%
Ghana 71.3
48%
Cape Verde 81.9
46%
Seychelles 84.7
46%
Sao Tome and Principe 72.3
45%
Eritrea 67
43%
Fiji 69.2
43%
Nauru 94.4
40%
East Timor 99.5
39%
Kiribati 97.6
37%
Micronesia 98.7
37%
Samoa 89.3
37%
Vanuatu 83.5
37%
Liberia 84.9
36%
Tonga 97.8
36%
Marshall Islands 96.2
33%
Palau 80.3
33%
Papua New Guinea 97
33%
Solomon Islands 96.6
33%
Tuvalu 95.7
33%
No matching quizzes found
Score Distribution
Percent of People with Each Score
Percentile by Number Answered
Your Score History
You have not taken this quiz